[Event "EU/EM/M/007 EU Email"]
[Site "corr"]
[Date "2002.11.02"]
[Round "?"]
[White "Schuster, Peter"]
[Black "Nocci, Roberto"]
[Result "0-1"]
[WhiteElo "2541"]
[BlackElo "2292"]
[PlyCount "39"]
[EventDate "2002.??.??"]

1. d4 Nf6 2. c4 e6 3. Nf3 d5 4. g3 dxc4 5. Qa4+ Nbd7 6. Bg2 a6 7. Qxc4 b5 8.
Qc6 Rb8 9. Bf4 Nd5 10. Bg5 Be7 11. Bxe7 Qxe7 12. Nc3 Bb7 13. Nxd5 Bxc6 14. Nxe7
Kxe7 15. Rc1 Rb6 16. O-O Rc8 17. Rfd1 Bd5 18. Ne5 Nxe5 19. Bxd5 exd5 20. Rc5
0-1

[Event "EU/EM/M/007 EU Email"]
[Site "corr"]
[Date "2002.11.02"]
[Round "?"]
[White "Nocci, Roberto"]
[Black "Mayer, Johann"]
[Result "1/2-1/2"]
[WhiteElo "2292"]
[BlackElo "2092"]
[PlyCount "65"]
[EventDate "2002.??.??"]

1. d4 Nf6 2. c4 e6 3. Nc3 Bb4 4. Qc2 O-O 5. a3 Bxc3+ 6. Qxc3 b6 7. Bg5 Bb7 8.
e3 d6 9. f3 Nbd7 10. Bd3 h6 11. Bh4 e5 12. Ne2 Re8 13. O-O e4 14. fxe4 Bxe4 15.
Ng3 Bxd3 16. Bxf6 Nxf6 17. Qxd3 d5 18. cxd5 Qxd5 19. Rf5 Qe6 20. e4 c5 21. d5
Qd6 22. Raf1 Ng4 23. Qd2 Rxe4 24. Rxf7 Rd4 25. Rxg7+ Kxg7 26. Qxd4+ cxd4 27.
Nf5+ Kg6 28. Nxd6 Ne3 29. Rf3 Rd8 30. Nb5 Rxd5 31. Nxd4 Nxg2 32. Nc6 Nh4 33.
Rb3 1/2-1/2

[Event "EU/EM/M/007 EU Email"]
[Site "corr"]
[Date "2002.11.02"]
[Round "?"]
[White "Mayer, Johann"]
[Black "Carroll, Patrick"]
[Result "1/2-1/2"]
[WhiteElo "2092"]
[BlackElo "2130"]
[PlyCount "45"]
[EventDate "2002.??.??"]

1. d4 Nf6 2. c4 e6 3. Nf3 c5 4. g3 cxd4 5. Nxd4 Qc7 6. Nc3 a6 7. Bg2 Qxc4 8.
O-O Qc7 9. e4 d6 10. Be3 Be7 11. Rc1 Qd8 12. f4 O-O 13. g4 Nc6 14. g5 Nd7 15.
Nxc6 bxc6 16. Qh5 Rb8 17. b3 Qa5 18. f5 Qd8 19. Rcd1 Qa5 20. Bd2 Qd8 21. Be3
Qa5 22. Bd2 Qd8 23. Be3 1/2-1/2

[Event "EU/EM/M/007 EU Email"]
[Site "corr"]
[Date "2002.11.02"]
[Round "?"]
[White "Mayer, Johann"]
[Black "Schuster, Peter"]
[Result "0-1"]
[WhiteElo "2092"]
[BlackElo "2541"]
[PlyCount "66"]
[EventDate "2002.??.??"]

1. d4 Nf6 2. c4 e6 3. Nf3 b6 4. a3 Ba6 5. Qc2 Bb7 6. Nc3 c5 7. e4 cxd4 8. Nxd4
Nc6 9. Nxc6 Bxc6 10. Bf4 Nh5 11. Be3 Qb8 12. g3 f5 13. Rg1 fxe4 14. Nxe4 Be7
15. Bd3 b5 16. c5 O-O 17. f4 b4 18. Bd4 bxa3 19. bxa3 Qd8 20. Kf2 Rc8 21. Rgc1
Nxf4 22. gxf4 d5 23. cxd6 Bxe4 24. Qxc8 Qxd6 25. Be3 Bh4+ 26. Kg1 Qxd3 27.
Qxe6+ Kh8 28. Qh3 Bb7 29. Ra2 Qe4 30. Rg2 Re8 31. a4 h5 32. a5 Qd5 33. a6 Ba8
0-1

[Event "EU/EM/M/007 EU Email"]
[Site "corr"]
[Date "2002.11.02"]
[Round "?"]
[White "Nocci, Roberto"]
[Black "Carroll, Patrick"]
[Result "1/2-1/2"]
[WhiteElo "2292"]
[BlackElo "2130"]
[PlyCount "92"]
[EventDate "2002.??.??"]

1. e4 c5 2. Nf3 e6 3. d4 cxd4 4. Nxd4 Nc6 5. Nc3 Nf6 6. Ndb5 d6 7. Bf4 e5 8.
Bg5 a6 9. Na3 b5 10. Nd5 Be7 11. Bxf6 Bxf6 12. c3 O-O 13. Nc2 Bg5 14. a4 bxa4
15. Rxa4 a5 16. Bc4 Rb8 17. b3 Kh8 18. O-O g6 19. b4 f5 20. f4 exf4 21. exf5
Ne5 22. Be2 axb4 23. cxb4 Rxf5 24. Nd4 f3 25. Nxf3 Nxf3+ 26. Rxf3 Re5 27. Qd4
Bb7 28. Ra5 Bh6 29. Rb5 Bc6 30. Rxb8 Qxb8 31. Re3 Qd8 32. Bf3 Bxe3+ 33. Nxe3
Bxf3 34. gxf3 Qf6 35. Kf2 g5 36. Qc3 h6 37. Qc8+ Kh7 38. Ng4 Qf4 39. Qc7+ Kg8
40. Qc8+ Kf7 41. Nxe5+ Qxe5 42. Qd7+ Qe7 43. Qxe7+ Kxe7 44. Ke3 Kd7 45. Ke4 Kc6
46. h3 Kb5 1/2-1/2

[Event "EU/EM/M/007 EU Email"]
[Site "corr"]
[Date "2002.11.02"]
[Round "?"]
[White "Carroll, Patrick"]
[Black "Schuster, Peter"]
[Result "1/2-1/2"]
[WhiteElo "2130"]
[BlackElo "2541"]
[PlyCount "72"]
[EventDate "2002.??.??"]

1. e4 c5 2. Nf3 d6 3. d4 cxd4 4. Nxd4 Nf6 5. Nc3 a6 6. Be3 g6 7. f3 Qc7 8. Qd2
Bg7 9. O-O-O b5 10. g4 Bb7 11. g5 Nfd7 12. h4 Nb6 13. h5 Rg8 14. a3 N8d7 15.
hxg6 hxg6 16. Rh7 Nc4 17. Bxc4 Qxc4 18. Kb1 b4 19. axb4 Qxb4 20. Nd5 Qxd2 21.
Rxd2 Rd8 22. Nb3 Ne5 23. Bd4 Nxf3 24. Rxg7 Nxd2+ 25. Nxd2 Rh8 26. Ka2 Rh2 27.
Bb6 Ra8 28. Rg8+ Kd7 29. Bg1 Rxd2 30. Nb6+ Ke6 31. Nxa8 Rxc2 32. Bb6 Kd7 33. e5
dxe5 34. Ba5 e4 35. Rd8+ Kc6 36. Bb4 e3 1/2-1/2

[Event "EU/EM/M/007 EU Email"]
[Site "corr"]
[Date "2002.11.02"]
[Round "?"]
[White "Nocci, Roberto"]
[Black "Klapiszewski, Tadeusz"]
[Result "1/2-1/2"]
[WhiteElo "2292"]
[BlackElo "2155"]
[PlyCount "74"]
[EventDate "2002.??.??"]

1. e4 c6 2. d4 d5 3. Nc3 dxe4 4. Nxe4 Bf5 5. Ng3 Bg6 6. Nf3 Nd7 7. Bc4 e6 8.
O-O Ngf6 9. Qe2 Be7 10. Bb3 a5 11. a4 Nd5 12. c4 Nb4 13. Rd1 Qc7 14. Bd2 O-O
15. Bxb4 Bxb4 16. Bc2 Bxc2 17. Qxc2 Rfd8 18. c5 Nf6 19. Ne2 b6 20. cxb6 Qxb6
21. Rac1 c5 22. h3 Rac8 23. Ne5 h6 24. b3 Nd5 25. Qd3 cxd4 26. Qf3 Rc7 27. Nc4
Qb8 28. Nxd4 Rcc8 29. Ne2 Nb6 30. Nxb6 Rxc1 31. Rxc1 Qxb6 32. Nc3 Qc7 33. Rd1
Rxd1+ 34. Nxd1 Qc2 35. g3 Qb1 36. Kh2 Qc1 37. Kg1 Qb1 1/2-1/2

[Event "EU/EM/M/007 EU Email"]
[Site "corr"]
[Date "2002.11.02"]
[Round "?"]
[White "Klapiszewski, Tadeusz"]
[Black "Carroll, Patrick"]
[Result "1-0"]
[WhiteElo "2155"]
[BlackElo "2130"]
[PlyCount "87"]
[EventDate "2002.??.??"]

1. e4 c5 2. Nc3 d6 3. f4 Nc6 4. Nf3 g6 5. Bc4 Bg7 6. O-O e6 7. d3 Nge7 8. Qe1
O-O 9. f5 d5 10. Bb3 dxe4 11. dxe4 exf5 12. Bg5 Qb6 13. Kh1 h6 14. Be3 Nd4 15.
e5 Nxf3 16. Rxf3 Qc7 17. Nb5 Qc6 18. Nd6 Bxe5 19. Nc4 Bg7 20. Na5 Qb5 21. a4
Qb6 22. Nc4 Qc6 23. Na5 Qf6 24. Bxc5 Re8 25. Re3 Be6 26. Bxe6 fxe6 27. Rxe6 Qf7
28. Rxe7 Rxe7 29. Qxe7 b6 30. c3 Qxe7 31. Bxe7 bxa5 32. Rd1 Kf7 33. Rd8 Rxd8
34. Bxd8 Ke6 35. Bxa5 g5 36. b3 Kd5 37. c4+ Kd4 38. Bb4 Be5 39. Bf8 a5 40. Bxh6
Kc3 41. Bf8 Kxb3 42. c5 Kc4 43. Bd6 Kd5 44. Bxe5 1-0

[Event "EU/EM/M/007 EU Email"]
[Site "corr"]
[Date "2002.11.02"]
[Round "?"]
[White "Klapiszewski, Tadeusz"]
[Black "Mayer, Johann"]
[Result "1-0"]
[WhiteElo "2155"]
[BlackElo "2092"]
[PlyCount "108"]
[EventDate "2002.??.??"]

1. e4 c5 2. Nc3 Nc6 3. f4 e6 4. Nf3 d5 5. Bb5 Nge7 6. exd5 exd5 7. Qe2 Qd6 8.
Bxc6+ Qxc6 9. Ne5 Qe6 10. O-O f6 11. Qh5+ g6 12. Nxg6 Nxg6 13. f5 Qe5 14. d3
Kd8 15. Bd2 Bd7 16. Rae1 Qd4+ 17. Kh1 Qh4 18. Qf3 Ne7 19. Nxd5 Bc6 20. c4 Nxd5
21. cxd5 Bd6 22. g3 Bxg3 23. Re2 Be8 24. Qxg3 Qxg3 25. hxg3 Bf7 26. d6 Bd5+ 27.
Kg1 Kd7 28. Bf4 Rhe8 29. Rh2 Bg8 30. Kf2 Rf8 31. Rc1 Rac8 32. a3 b6 33. Re1
Rce8 34. Re4 a5 35. Rh4 Kc6 36. Bh6 Rxe4 37. dxe4 Rd8 38. Bf4 b5 39. g4 b4 40.
Rh6 Rf8 41. g5 Re8 42. Kf3 fxg5 43. Bxg5 c4 44. axb4 axb4 45. Bf4 Rf8 46. Kg4
c3 47. bxc3 b3 48. Rh2 Bc4 49. Rd2 Rb8 50. Rb2 Re8 51. Rd2 Rb8 52. d7 Rd8 53.
Rd6+ Kb7 54. Rd4 Be2+ 1-0

[Event "EU/EM/M/007 EU Email"]
[Site "corr"]
[Date "2002.11.02"]
[Round "?"]
[White "Engl, Heinz"]
[Black "Mayer, Johann"]
[Result "1/2-1/2"]
[WhiteElo "2365"]
[BlackElo "2092"]
[PlyCount "56"]
[EventDate "2002.??.??"]

1. e4 c5 2. Nf3 d6 3. d4 cxd4 4. Nxd4 Nf6 5. Nc3 a6 6. f4 Qc7 7. Bd3 g6 8. O-O
Bg7 9. Nf3 Nbd7 10. Qe1 b5 11. e5 dxe5 12. fxe5 Ng4 13. e6 fxe6 14. Qh4 Ndf6
15. Ne4 Bb7 16. Nxf6+ Nxf6 17. Bh6 Bxh6 18. Qxh6 Qc5+ 19. Kh1 Qh5 20. Qxh5 Nxh5
21. Ne5 g5 22. Rae1 Nf4 23. Be4 Bxe4 24. Rxe4 O-O 25. Rfe1 Rac8 26. c3 Rcd8 27.
g3 Nd3 28. Nxd3 Rxd3 1/2-1/2

[Event "EU/EM/M/007 EU Email"]
[Site "corr"]
[Date "2002.11.02"]
[Round "?"]
[White "Nocci, Roberto"]
[Black "Engl, Heinz"]
[Result "0-1"]
[WhiteElo "2292"]
[BlackElo "2365"]
[PlyCount "60"]
[EventDate "2002.??.??"]

1. d4 Nf6 2. c4 c5 3. Nf3 cxd4 4. Nxd4 e5 5. Nb5 d5 6. cxd5 Bc5 7. N5c3 O-O 8.
e3 e4 9. Be2 Qe7 10. Nd2 Rd8 11. a3 Nxd5 12. Nxd5 Rxd5 13. Qa4 Nd7 14. Qc2 Nb6
15. Nxe4 Bf5 16. f3 Rc8 17. Qb3 Be6 18. g3 Rdd8 19. Qb5 a6 20. Qa5 Nc4 21. Bxc4
Bxc4 22. Kf2 Bd3 23. Nc3 b5 24. Rd1 Qf6 25. h3 Rd7 26. h4 Bb6 27. Qb4 Rc4 28.
Rxd3 Rxd3 29. Qb3 Ba5 30. Qc2 Qd6 0-1

[Event "EU/EM/M/007 EU Email"]
[Site "corr"]
[Date "2002.11.02"]
[Round "?"]
[White "Pellegrinon, Fausto"]
[Black "Schuster, Peter"]
[Result "1/2-1/2"]
[WhiteElo "2220"]
[BlackElo "2541"]
[PlyCount "49"]
[EventDate "2002.??.??"]

1. d4 Nf6 2. c4 e6 3. Nf3 b6 4. g3 Ba6 5. b3 Bb7 6. Bg2 Bb4+ 7. Bd2 a5 8. O-O
O-O 9. Qc2 Be4 10. Qb2 d5 11. a3 Bxd2 12. Nbxd2 Nbd7 13. Nxe4 Nxe4 14. Rac1 c6
15. cxd5 cxd5 16. Rc6 Rc8 17. Rfc1 Rxc6 18. Rxc6 Nb8 19. Rc1 Nd6 20. e3 Qd7 21.
Ne5 Qe7 22. Rc2 f6 23. Nd3 Qd7 24. Qc1 Rc8 25. Rxc8+ 1/2-1/2

[Event "EU/EM/M/007 EU Email"]
[Site "corr"]
[Date "2022.11.02"]
[Round "?"]
[White "Engl, Heinz"]
[Black "Carroll, Patrick"]
[Result "1/2-1/2"]
[WhiteElo "2365"]
[BlackElo "2130"]
[PlyCount "87"]
[EventDate "2002.??.??"]

1. e4 c5 2. Nf3 Nc6 3. d4 cxd4 4. Nxd4 Nf6 5. Nc3 e5 6. Ndb5 d6 7. Bg5 a6 8.
Na3 b5 9. Bxf6 gxf6 10. Nd5 f5 11. exf5 Bxf5 12. c3 Bg7 13. Nc2 O-O 14. Nce3
Be6 15. Bd3 f5 16. Qh5 e4 17. Bc2 Ne7 18. Rd1 Rc8 19. Bb3 Ng6 20. g4 fxg4 21.
h3 g3 22. fxg3 Be5 23. Rf1 Rc5 24. Qh6 Bxg3+ 25. Ke2 Rxf1 26. Rxf1 Be5 27. Rg1
Bg7 28. Rxg6 hxg6 29. Qxg6 Bf7 30. Qxe4 Qg5 31. Ne7+ Kf8 32. Bxf7 Qxe7 33.
Qxe7+ Kxe7 34. Bd5 Bf6 35. Kd3 Bg5 36. b4 Rc8 37. Nf5+ Kf6 38. Nd4 Rh8 39. Bg2
d5 40. Bxd5 Rxh3+ 41. Kc2 Rh2+ 42. Kb3 Bd2 43. Nf3 Re2 44. Bb7 1/2-1/2

[Event "EU/EM/M/007 EU Email"]
[Site "corr"]
[Date "2002.11.02"]
[Round "?"]
[White "Engl, Heinz"]
[Black "Altrock, Rainer"]
[Result "0-1"]
[WhiteElo "2365"]
[BlackElo "2242"]
[PlyCount "44"]
[EventDate "2002.??.??"]

1. e4 c5 2. Nf3 Nc6 3. d4 cxd4 4. Nxd4 Nf6 5. Nc3 e5 6. Ndb5 d6 7. Bg5 a6 8.
Na3 b5 9. Bxf6 gxf6 10. Nd5 Bg7 11. c3 f5 12. exf5 Bxf5 13. Nc2 O-O 14. Nce3
Be6 15. Bd3 f5 16. Qh5 e4 17. Bc2 Ne7 18. Rd1 Rc8 19. O-O Rc5 20. Bd3 Nxd5 21.
Nxd5 Bf7 22. Qxf5 Bxd5 0-1

[Event "EU/EM/M/007 EU Email"]
[Site "corr"]
[Date "2002.11.02"]
[Round "?"]
[White "Pellegrinon, Fausto"]
[Black "Nocci, Roberto"]
[Result "0-1"]
[WhiteElo "2220"]
[BlackElo "2292"]
[PlyCount "67"]
[EventDate "2002.??.??"]

1. d4 Nf6 2. c4 e6 3. Nf3 d5 4. Nc3 c6 5. e3 b6 6. Bd3 Ba6 7. b3 Bb4 8. Bb2 O-O
9. O-O Nbd7 10. Qe2 Re8 11. Rfd1 Qc7 12. Rac1 Rad8 13. a3 Be7 14. b4 Qb8 15. e4
Rc8 16. Ne5 Nxe5 17. dxe5 dxc4 18. Bb1 Qxe5 19. Nd5 Qg5 20. Nxe7+ Rxe7 21. Bxf6
Qxf6 22. e5 Qf4 23. Rc3 g6 24. g3 Qh6 25. a4 Qf8 26. Ba2 Ree8 27. Rb1 b5 28.
Ra3 Bb7 29. axb5 cxb5 30. Rxa7 Qe7 31. h3 Red8 32. Kh2 Ra8 33. Ra5 c3 34. Bb3
0-1

[Event "EU/EM/M/007 EU Email"]
[Site "corr"]
[Date "2002.11.02"]
[Round "?"]
[White "Weiler, Wolfgang"]
[Black "Carroll, Patrick"]
[Result "1-0"]
[WhiteElo "2309"]
[BlackElo "2130"]
[PlyCount "57"]
[EventDate "2002.??.??"]

1. e4 c5 2. Nf3 e6 3. d4 cxd4 4. Nxd4 Nc6 5. Nc3 Nf6 6. Ndb5 d6 7. Bf4 e5 8.
Bg5 a6 9. Na3 b5 10. Bxf6 gxf6 11. Nd5 f5 12. Bd3 Be6 13. O-O Bxd5 14. exd5 Ne7
15. c3 Bg7 16. Qh5 e4 17. Bc2 O-O 18. Rae1 Qc8 19. Bb3 a5 20. Qg5 f6 21. Qh5
Qc5 22. g4 a4 23. Bc2 Qxd5 24. gxf5 Qxa2 25. Rxe4 Qxb2 26. Rxe7 Kh8 27. Be4 d5
28. Bxd5 Qxa3 29. Rfe1 1-0

[Event "EU/EM/M/007 EU Email"]
[Site "corr"]
[Date "2002.11.02"]
[Round "?"]
[White "Klapiszewski, Tadeusz"]
[Black "Engl, Heinz"]
[Result "0-1"]
[WhiteElo "2155"]
[BlackElo "2365"]
[PlyCount "70"]
[EventDate "2002.??.??"]

1. e4 c5 2. Nc3 Nc6 3. f4 g6 4. Nf3 Bg7 5. Bc4 e6 6. f5 Nge7 7. fxe6 fxe6 8. d3
d5 9. Bb3 b5 10. a3 c4 11. Ba2 O-O 12. O-O h6 13. Qe1 g5 14. Kh1 a6 15. Qg3 Nd4
16. Bxg5 hxg5 17. Nxd4 Bxd4 18. Qxg5+ Bg7 19. Rxf8+ Qxf8 20. exd5 Qf6 21. Qh5
cxd3 22. cxd3 Bb7 23. Rg1 Qf7 24. Qxf7+ Kxf7 25. dxe6+ Ke8 26. a4 b4 27. Ne2
Rd8 28. Bc4 Nd5 29. Rf1 Bxb2 30. Rf7 Bc6 31. Ra7 Bxa4 32. Rxa6 Bd1 33. Ng3 Ne3
34. Bb5+ Ke7 35. Bd7 Bd4 0-1

[Event "EU/EM/M/007 EU Email"]
[Site "corr"]
[Date "2002.11.02"]
[Round "?"]
[White "Schuster, Peter"]
[Black "Klapiszewski, Tadeusz"]
[Result "1-0"]
[WhiteElo "2541"]
[BlackElo "2155"]
[PlyCount "83"]
[EventDate "2002.??.??"]

1. d4 Nf6 2. c4 e6 3. g3 d5 4. Nf3 Be7 5. Bg2 dxc4 6. O-O O-O 7. Qc2 a6 8. a4
Bd7 9. Qxc4 Bc6 10. Bg5 Bd5 11. Qc2 Be4 12. Qc1 Nc6 13. Nbd2 Bxf3 14. Nxf3 Nd5
15. Bd2 Bb4 16. Bc3 Nce7 17. Rd1 c6 18. Bxb4 Nxb4 19. a5 Nbd5 20. Ne5 Nf6 21.
Qc5 Ned5 22. e3 Nc7 23. Qb6 Rb8 24. Rac1 Nd7 25. Qb4 Nf6 26. e4 Nb5 27. Nc4 Rc8
28. f4 Rc7 29. Nb6 Re8 30. Bf3 Qb8 31. Na4 Rd8 32. Nc3 Rcd7 33. Nxb5 cxb5 34.
Qc5 Ne8 35. e5 Nc7 36. f5 exf5 37. d5 Kh8 38. d6 Ne6 39. Qc2 f4 40. gxf4 Nxf4
41. Qf5 Ng6 42. Bh5 1-0

[Event "EU/EM/M/007 EU Email"]
[Site "corr"]
[Date "2002.11.02"]
[Round "?"]
[White "Altrock, Rainer"]
[Black "Pellegrinon, Fausto"]
[Result "0-1"]
[WhiteElo "2242"]
[BlackElo "2220"]
[PlyCount "42"]
[EventDate "2002.??.??"]

1. e4 e5 2. Nf3 Nc6 3. d4 exd4 4. Nxd4 Nf6 5. Nxc6 bxc6 6. e5 Qe7 7. Qe2 Nd5 8.
c4 Ba6 9. b3 g6 10. Bb2 Bg7 11. Nd2 Nb4 12. Nf3 c5 13. g3 O-O 14. Bg2 d5 15.
O-O Rad8 16. a3 Nc6 17. Rfe1 dxc4 18. bxc4 Nd4 19. Qe4 f5 20. Qd3 f4 21. Rad1
fxg3 0-1

[Event "EU/EM/M/007 EU Email"]
[Site "corr"]
[Date "2002.11.02"]
[Round "?"]
[White "Nocci, Roberto"]
[Black "Altrock, Rainer"]
[Result "1/2-1/2"]
[WhiteElo "2292"]
[BlackElo "2242"]
[PlyCount "69"]
[EventDate "2002.??.??"]

1. d4 d5 2. c4 c6 3. Nc3 Nf6 4. e3 a6 5. Nf3 b5 6. cxd5 cxd5 7. Bd3 e6 8. Bd2
Bb7 9. Ne5 Nbd7 10. f4 Be7 11. O-O O-O 12. Rc1 Ne4 13. Nxe4 dxe4 14. Be2 Nxe5
15. fxe5 Bd5 16. a3 f6 17. exf6 Rxf6 18. Rxf6 gxf6 19. Qe1 Rc8 20. Qg3+ Kh8 21.
Rxc8 Qxc8 22. Bd1 Qd8 23. Qe1 Qf8 24. Ba5 Bd6 25. Qh4 Qe7 26. Be2 f5 27. Qxe7
Bxe7 28. Bc7 Kg7 29. Kf2 Bb3 30. Bh5 Kf8 31. h3 Bf6 32. g4 Bh4+ 33. Bg3 Be7 34.
Ke2 b4 35. axb4 1/2-1/2

[Event "EU/EM/M/007 EU Email"]
[Site "corr"]
[Date "2002.11.02"]
[Round "?"]
[White "Weiler, Wolfgang"]
[Black "Klapiszewski, Tadeusz"]
[Result "1/2-1/2"]
[WhiteElo "2309"]
[BlackElo "2155"]
[PlyCount "49"]
[EventDate "2002.??.??"]

1. e4 c6 2. d4 d5 3. Nd2 dxe4 4. Nxe4 Bf5 5. Ng3 Bg6 6. Nf3 Nd7 7. h4 h6 8. h5
Bh7 9. Bd3 Bxd3 10. Qxd3 e6 11. Bd2 Qc7 12. O-O-O Ngf6 13. Ne4 O-O-O 14. g3
Nxe4 15. Qxe4 Bd6 16. c4 Rhe8 17. c5 Bf8 18. Bf4 Qa5 19. Ne5 Nf6 20. Qc2 Qxa2
21. Nxf7 Rd5 22. Be5 Ng4 23. Qg6 Nxe5 24. Nxe5 Red8 25. Nf7 1/2-1/2

[Event "EU/EM/M/007 EU Email"]
[Site "corr"]
[Date "2002.11.02"]
[Round "?"]
[White "Altrock, Rainer"]
[Black "Schuster, Peter"]
[Result "1/2-1/2"]
[WhiteElo "2242"]
[BlackElo "2541"]
[PlyCount "70"]
[EventDate "2002.??.??"]

1. e4 c5 2. Nf3 d6 3. d4 cxd4 4. Nxd4 Nf6 5. Nc3 a6 6. f3 e5 7. Nb3 Be6 8. Be3
h5 9. Qd2 Nbd7 10. O-O-O Be7 11. Kb1 Rc8 12. Nd5 Bxd5 13. exd5 Nb6 14. Qa5 Nc4
15. Bxc4 Rxc4 16. Qd2 Qd7 17. Qd3 Qa4 18. Rhe1 Nd7 19. f4 O-O 20. fxe5 Nxe5 21.
Qe2 Rfc8 22. c3 Rg4 23. Bd4 Ng6 24. Qf3 Rg5 25. Rxe7 Nxe7 26. Qe3 Rxg2 27. Qxe7
Qe8 28. Qxb7 Qe4+ 29. Ka1 Re8 30. Qc6 h4 31. h3 Re2 32. Rc1 Qg2 33. c4 Qxh3 34.
Qxd6 Re1 35. Qf4 Qg2 1/2-1/2

[Event "EU/EM/M/007 EU Email"]
[Site "corr"]
[Date "2002.11.02"]
[Round "?"]
[White "Mayer, Johann"]
[Black "Pellegrinon, Fausto"]
[Result "1/2-1/2"]
[WhiteElo "2092"]
[BlackElo "2220"]
[PlyCount "102"]
[EventDate "2002.??.??"]

1. d4 Nf6 2. c4 g6 3. Nc3 Bg7 4. e4 d6 5. Nf3 O-O 6. Be2 e5 7. O-O Nc6 8. d5
Ne7 9. b4 Nh5 10. Re1 f5 11. Ng5 Nf6 12. Bf3 c6 13. Be3 f4 14. Bc1 h6 15. Ne6
Bxe6 16. dxe6 Nc8 17. Qb3 Qe7 18. c5 Re8 19. Be2 Kh7 20. Ba3 Qxe6 21. Bc4 Qe7
22. Rad1 a6 23. Na4 dxc5 24. bxc5 Na7 25. Rd6 Nb5 26. Bxb5 axb5 27. Nb6 Rad8
28. f3 Qc7 29. Red1 Rxd6 30. Rxd6 Rd8 31. Qd3 Rxd6 32. Qxd6 Qf7 33. Qd2 Qe6 34.
Bb4 Qg8 35. Bc3 Bf8 36. Bb4 Be7 37. Nd7 Qc4 38. Nxf6+ Bxf6 39. Qd7+ Bg7 40. a3
Qd4+ 41. Qxd4 exd4 42. Kf1 Be5 43. Ke2 Kg7 44. Kd3 Kf6 45. Ba5 Ke6 46. Bb4 Kd7
47. Ba5 g5 48. h3 h5 49. Bb6 Kc8 50. Ba5 Kd7 51. Bb6 Kc8 1/2-1/2

[Event "EU/EM/M/007 EU Email"]
[Site "corr"]
[Date "2002.11.02"]
[Round "?"]
[White "Carroll, Patrick"]
[Black "Pellegrinon, Fausto"]
[Result "1/2-1/2"]
[WhiteElo "2130"]
[BlackElo "2220"]
[PlyCount "90"]
[EventDate "2002.??.??"]

1. e4 e5 2. Nf3 Nc6 3. Bb5 a6 4. Ba4 Nf6 5. O-O Be7 6. Re1 b5 7. Bb3 d6 8. c3
O-O 9. h3 Nb8 10. d4 Nbd7 11. Nbd2 Bb7 12. Bc2 Re8 13. Nf1 Bf8 14. Ng3 g6 15.
a4 c5 16. d5 c4 17. Bg5 h6 18. Be3 Nc5 19. Qd2 h5 20. Bg5 Be7 21. Ra3 Rb8 22.
Rea1 Bc8 23. axb5 axb5 24. Ra7 Rb7 25. Ra8 Nfd7 26. Be3 Qc7 27. R8a3 Rb6 28.
Qe2 Ra6 29. Rxa6 Bxa6 30. Nd2 Ra8 31. Qf3 Qc8 32. b4 cxb3 33. Nxb3 Bg5 34. Nxc5
Nxc5 35. Nf1 Bxe3 36. Qxe3 Bb7 37. Qe1 Ra5 38. Ne3 Qa8 39. Rb1 Qd8 40. Rb2 Ba6
41. Rb4 Ra2 42. Qc1 Qg5 43. Rb1 Qf4 44. Rb2 Ra5 45. Qe1 Nxe4 1/2-1/2

[Event "EU/EM/M/007 EU Email"]
[Site "corr"]
[Date "2002.11.02"]
[Round "?"]
[White "Carroll, Patrick"]
[Black "Altrock, Rainer"]
[Result "1/2-1/2"]
[WhiteElo "2130"]
[BlackElo "2242"]
[PlyCount "77"]
[EventDate "2002.??.??"]

1. e4 c5 2. Nf3 Nc6 3. d4 cxd4 4. Nxd4 Nf6 5. Nc3 e5 6. Ndb5 d6 7. Bg5 a6 8.
Na3 b5 9. Nd5 Be7 10. Bxf6 Bxf6 11. c3 O-O 12. Nc2 Bg5 13. a4 bxa4 14. Rxa4 a5
15. Bb5 Ne7 16. Ncb4 Bd7 17. Nxe7+ Bxe7 18. Bxd7 axb4 19. Bc6 Rxa4 20. Qxa4
bxc3 21. bxc3 Qc7 22. c4 Rb8 23. O-O Bd8 24. Bd5 Qe7 25. Qa2 h6 26. g3 Bb6 27.
Rb1 Qa7 28. Qxa7 Bxa7 29. Rb5 Kf8 30. Kg2 Ke7 31. h3 g6 32. g4 g5 33. Kf3 Bb6
34. Kg3 Kf6 35. Rb2 Ba7 36. Rxb8 Bxb8 37. h4 gxh4+ 38. Kxh4 Ba7 39. Kh5 1/2-1/2

[Event "EU/EM/M/007 EU Email"]
[Site "corr"]
[Date "2002.11.02"]
[Round "?"]
[White "Mayer, Johann"]
[Black "Altrock, Rainer"]
[Result "1/2-1/2"]
[WhiteElo "2092"]
[BlackElo "2242"]
[PlyCount "79"]
[EventDate "2002.??.??"]

1. d4 d5 2. c4 c6 3. Nf3 Nf6 4. Nc3 a6 5. e3 b5 6. cxd5 cxd5 7. Ne5 e6 8. Bd3
Bb7 9. O-O Nbd7 10. f4 Be7 11. Bd2 O-O 12. Rc1 Ne4 13. a4 b4 14. Nxe4 dxe4 15.
Bc4 Nb6 16. Bb3 a5 17. Nc6 Qd6 18. Nxe7+ Qxe7 19. f5 Kh8 20. Qh5 Bd5 21. Bxd5
Nxd5 22. Rc5 Nf6 23. Qe2 Qd6 24. Be1 Nd5 25. Bg3 Qd7 26. fxe6 Qxe6 27. Qc4 Nxe3
28. Qxe6 fxe6 29. Re1 Nf5 30. Be5 e3 31. g4 Nh6 32. Rc7 Nf7 33. Bf4 Rad8 34.
Bxe3 h6 35. Ra7 Ra8 36. Re7 Rae8 37. Rxe8 Rxe8 38. Rc1 Rd8 39. Rc7 Kg8 40. Rc5
1/2-1/2

[Event "EU/EM/M/007 EU Email"]
[Site "corr"]
[Date "2002.11.02"]
[Round "?"]
[White "Engl, Heinz"]
[Black "Schuster, Peter"]
[Result "0-1"]
[WhiteElo "2365"]
[BlackElo "2541"]
[PlyCount "146"]
[EventDate "2002.??.??"]

1. e4 c5 2. c3 Nf6 3. e5 Nd5 4. d4 cxd4 5. Nf3 Nc6 6. cxd4 d6 7. Bc4 Nb6 8. Bb3
dxe5 9. d5 Na5 10. Nc3 Nxb3 11. Qxb3 e6 12. Nxe5 exd5 13. Be3 Bd6 14. Qb5+ Kf8
15. Nf3 Bd7 16. Qe2 Na4 17. Nxa4 Bxa4 18. O-O Qd7 19. Qd2 f6 20. Rfe1 Bc6 21.
b4 a6 22. Bc5 Kf7 23. Qd3 g6 24. Nd4 Rhe8 25. Qd2 Bc7 26. Nxc6 bxc6 27. a3
Rxe1+ 28. Rxe1 Re8 29. Rc1 Kg8 30. g3 f5 31. Qd3 Qc8 32. Bd4 Re6 33. Kg2 Qb7
34. Qd2 Bd8 35. Rc3 Qf7 36. Qf4 Bc7 37. Qc1 Qd7 38. h3 Bd8 39. Rc2 g5 40. Qd1
Qe8 41. Qd3 f4 42. g4 Qg6 43. Qf5 Be7 44. Kf3 Qf7 45. Bb2 Rh6 46. Kg2 f3+ 47.
Qxf3 Qxf3+ 48. Kxf3 Rxh3+ 49. Ke2 Rh6 50. Kd3 Kf7 51. f3 Re6 52. Bd4 h6 53. Rc1
Ke8 54. Bg7 Rg6 55. Bd4 Kd7 56. Be3 Rf6 57. Ke2 Bd6 58. Bd4 Rf7 59. Rh1 Bf8 60.
Be3 Bg7 61. Bc5 Ke6 62. Rd1 Rf4 63. Re1 Bc3 64. Rc1 d4 65. Bxd4 Bxd4 66. Rxc6+
Kd5 67. Rxa6 Rf8 68. Rxh6 Re8+ 69. Kd2 Be5 70. Ra6 Bf4+ 71. Kd1 Kd4 72. b5 Kd3
73. a4 Bg3 0-1

[Event "EU/EM/M/007 EU Email"]
[Site "corr"]
[Date "2002.11.02"]
[Round "?"]
[White "Klapiszewski, Tadeusz"]
[Black "Altrock, Rainer"]
[Result "1/2-1/2"]
[WhiteElo "2155"]
[BlackElo "2242"]
[PlyCount "71"]
[EventDate "2002.??.??"]

1. e4 c5 2. Nc3 Nc6 3. f4 g6 4. Nf3 Bg7 5. Bc4 e6 6. f5 Nge7 7. fxe6 fxe6 8. d3
d5 9. Bb3 b5 10. a3 c4 11. Ba2 a6 12. O-O O-O 13. Bg5 dxe4 14. Nxe4 Bxb2 15.
Rb1 Bxa3 16. Qe1 Qb6+ 17. Kh1 cxd3 18. cxd3 Qa5 19. Nf6+ Rxf6 20. Bxf6 Qxe1 21.
Rbxe1 Nd5 22. Ng5 Nxf6 23. Rxf6 Be7 24. Bxe6+ Bxe6 25. Rfxe6 Bxg5 26. Rxc6 b4
27. h4 Bd2 28. Rd1 Bc3 29. d4 a5 30. d5 a4 31. d6 a3 32. d7 Rd8 33. Ra6 Kf7 34.
Rd3 Ke7 35. Rxa3 bxa3 36. Rxc3 1/2-1/2

[Event "EU/EM/M/007 EU Email"]
[Site "corr"]
[Date "2002.11.02"]
[Round "?"]
[White "Weiler, Wolfgang"]
[Black "Engl, Heinz"]
[Result "1-0"]
[WhiteElo "2309"]
[BlackElo "2365"]
[PlyCount "45"]
[EventDate "2002.??.??"]

1. e4 c5 2. Nc3 Nc6 3. f4 g6 4. Nf3 Bg7 5. Bb5 Nd4 6. O-O a6 7. Bd3 d6 8. Nxd4
cxd4 9. Ne2 Nf6 10. c3 dxc3 11. dxc3 Qb6+ 12. Kh1 O-O 13. Qe1 Bd7 14. Nd4 Ng4
15. Nc2 Rae8 16. h3 Nf6 17. Be3 Qxb2 18. e5 Nh5 19. Bd4 Bf5 20. Bxf5 gxf5 21.
Qf2 Qb5 22. exd6 Qd3 23. Rfd1 1-0

[Event "EU/EM/M/007 EU Email"]
[Site "corr"]
[Date "2002.11.02"]
[Round "?"]
[White "Schuster, Peter"]
[Black "Weiler, Wolfgang"]
[Result "1-0"]
[WhiteElo "2541"]
[BlackElo "2309"]
[PlyCount "55"]
[EventDate "2002.??.??"]

1. d4 Nf6 2. c4 c5 3. d5 b5 4. cxb5 a6 5. bxa6 g6 6. Nc3 Bxa6 7. e4 Bxf1 8.
Kxf1 d6 9. Nf3 Nbd7 10. g3 Bg7 11. Kg2 O-O 12. h3 Ra6 13. Re1 Qa8 14. Bg5 Nb6
15. Qc2 Rb8 16. a4 h6 17. Bc1 Ne8 18. b3 Nc7 19. Bb2 Nd7 20. Nd2 Qb7 21. Rac1
Nf8 22. Rb1 e6 23. Qd3 exd5 24. Nxd5 Nxd5 25. exd5 Ne6 26. Nf3 Bxb2 27. dxe6
Bf6 28. b4 1-0